000 00461nam a2200181Ia 4500
001 10384
005 20260306161828.0
008 260306t2006||||xx |||||||||||||| ||spa||
041 _aESP
082 _a922.245
_bS42 2006
100 _aSerrano, José Egido
_eAUT
245 0 _aTomás de Aquino a la luz de su tiempo :
_buna biografía
260 _c2006
300 _a599 páginas :
_c23 cm.
650 _aGEN
654 _aCHU
942 _cLIB
_dJUS
_fJUS
_2ddc
_n
999 _c10384
_d10384